The bedford practice sets (Record no. 10722)
[ view plain ]
| 000 -LEADER | |
|---|---|
| fixed length control field | 00529nam a2200193Ia 4500 |
| 001 - CONTROL NUMBER | |
| control field | 9610 |
| 008 - FIXED-LENGTH DATA ELEMENTS--GENERAL INFORMATION | |
| fixed length control field | 140327s9999 xx 000 0 und d |
| 020 ## - INTERNATIONAL STANDARD BOOK NUMBER | |
| International Standard Book Number | 0-13-072307-x |
| 040 ## - CATALOGING SOURCE | |
| Transcribing agency | PK-LaUMT |
| 082 ## - DEWEY DECIMAL CLASSIFICATION NUMBER | |
| Classification number | 657.078 |
| Item number | FUH-B |
| 100 ## - MAIN ENTRY--PERSONAL NAME | |
| Personal name | Buck, Gregory F., J.T. |
| 245 #4 - TITLE STATEMENT | |
| Title | The bedford practice sets |
| Statement of responsibility, etc | Buck, Gregory F., J.T.<>Fuhrman, Peter H. |
| 260 ## - PUBLICATION, DISTRIBUTION, ETC. (IMPRINT) | |
| Place of publication, distribution, etc | Englwood Cliffs,USA: |
| Name of publisher, distributor, etc | Prentice-Hall, |
| Date of publication, distribution, etc | 1990 |
| 300 ## - PHYSICAL DESCRIPTION | |
| Extent | 256 p. |
| 546 ## - LANGUAGE NOTE | |
| Language note | EN |
| 650 ## - SUBJECT ADDED ENTRY--TOPICAL TERM | |
| Topical term or geographic name as entry element | Comparative accounting |
| 700 ## - ADDED ENTRY--PERSONAL NAME | |
| Personal name | Fuhrman, Peter H. |
| 942 ## - ADDED ENTRY ELEMENTS (KOHA) | |
| Koha item type | Books |
| Withdrawn status | Lost status | Damaged status | Not for loan | Home library | Current library | Date acquired | Total Checkouts | Full call number | Barcode | Date last seen | Price effective from | Koha item type |
|---|---|---|---|---|---|---|---|---|---|---|---|---|
| UMT Main Campus | UMT Main Campus | 2014-03-27 | 657.078 FUH-B | 11313 | 2014-03-27 | 2014-03-27 | Books |
